| 000 | 00877nam a22001937a 4500 | ||
|---|---|---|---|
| 003 | BUBTL | ||
| 008 | 191030b xxu||||| |||| 00| 0 eng d | ||
| 020 | _a978-984-34-3016-8 | ||
| 082 | _a954.92 / MAS | ||
| 100 |
_91760 _a মামুন, মুনতাসীর |
||
| 245 |
_aস্বাধীন বাংলাদেশের অভ্যুদয়ের ইতিহাস / _cমুনতাসীর মামুন, মোঃ মাহবুবুর রহমান |
||
| 260 |
_aঢাকা : _bবাংলাদেশ বিশবিদ্যলয় মঞ্জুরী কমিশন, _cc2017. |
||
| 300 |
_a198 p. : _c22.5 cm. |
||
| 650 | 0 |
_91755 _aমুক্তিযুদ্ধ |
|
| 700 |
_92440 _aরহমান, মোঃ মাহবুবুর |
||
| 856 |
_k0 _l0 _yDownload |
||
| 942 |
_2ddc _cBK |
||
| 999 |
_c6135 _d6135 |
||